000 00602nam a22001937a 4500
005 20240805123038.0
010 _aENG-141213
020 _a9788197410901
_c240.00
035 _aEN-124745
037 _bDBAD
082 _a881.092
100 _aThengummoottil, Lizy Joji
_969452
245 _aReminiscences of My Pulincunnoo days/
_cby Lizy Joji Thengummoottil
260 _aKerala
_bGreen Books Pvt. Ltd.
_c2024
270 _aGb building, civil lane road, ayyanthole, thrissur
_bKerala
_e680003
300 _a160P;
_c21cm(Pb)
700 _969414
942 _2ddc
_cEN
_h881.092
_mThe
999 _c204810
_d204810